Priamyje inostrannyje investicii v respublike Kazachstan

Investičná činnosť Kazachstanu ako významný stimul pre udržateľný hospodársky rast a zvyšovanie hospodárstva na nové technologické úrovne. Dôležitosť priamych zahraničných investícií (PZI) pre ekonomiku. Trend vo vývoji prílevu PZI do Kazašskej republiky od nezávislosti do roku 2019-2020. Analýza úz...

Descripción completa

Guardado en:
Detalles Bibliográficos
Autor principal: Baleha, Andrianna, 1990-
Formato: Capítulo de libro
Lenguaje:ruso
Materias:
Etiquetas: Agregar Etiqueta
Sin Etiquetas, Sea el primero en etiquetar este registro!

MARC

LEADER 00000naa$a2200000$$$4500
001 0279143
005 20240502083847.5
041 0 |a rus 
044 |a RU 
245 1 0 |a Priamyje inostrannyje investicii v respublike Kazachstan  |c Andrianna Baleha 
520 |a Investičná činnosť Kazachstanu ako významný stimul pre udržateľný hospodársky rast a zvyšovanie hospodárstva na nové technologické úrovne. Dôležitosť priamych zahraničných investícií (PZI) pre ekonomiku. Trend vo vývoji prílevu PZI do Kazašskej republiky od nezávislosti do roku 2019-2020. Analýza územnej a sektorovej štruktúry investícií v krajine. 
610 2 0 |a investície priame zahraničné 
610 2 0 |a investovanie 
610 2 0 |a rast hospodársky 
610 2 0 |a Kazachstan 
100 1 |a Baleha, Andrianna, 1990-